Powers of 2 - Statistics

General Stats
  • This quiz has been taken 57 times
  • The average score is 23 of 31
Answer Stats
Term Answer % Correct
2^0 1
100%
2^4 16
100%
2^1 2
100%
2^5 32
100%
2^2 4
100%
2^6 64
100%
2^3 8
100%
2^7 128
98%
2^9 512
98%
2^10 1024
95%
2^8 256
95%
2^11 2048
90%
2^12 4096
90%
2^13 8192
90%
2^14 16.384
85%
2^15 32.768
80%
2^16 65.536
78%
2^17 131.072
70%
2^18 262.144
70%
2^19 524.288
70%
2^20 1.048.576
65%
2^21 2.097.152
63%
2^22 4.194.304
58%
2^23 8.388.608
55%
2^24 16.777.216
50%
2^25 33.554.432
43%
2^26 67.108.864
40%
2^27 134.217.728
33%
2^28 268.435.456
28%
2^29 536.870.912
25%
2^30 1.073.741.824
23%
No matching quizzes found
Score Distribution
Percent of People with Each Score
Percentile by Number Answered
Your Score History
You have not taken this quiz